000 00397nam a22001577a 4500
005 20251108165837.0
008 250721s1982 xx 000 0 ara d
082 1 4 _aط/216.22/تعل
245 1 0 _aتعليم الصلاة /
250 _aط2
264 1 _aالزرقاء :
_bمكتبة المنار،
_c1982.
300 _a36ص0
650 1 7 _aالصلاة
942 _2ddc
_cBK
999 _c32726
_d32726